000 00728nam a2200217Ii 4500
003 JO-AjNU
008 230605s9999||||xx |||||||||||||| ||und||
040 _aJO-AjNU
_bara
_erda
_cJO-AjNU
041 _aara
050 1 4 _aPJ7578.A3458 1994
100 3 _aد.م,
_eauthor
_915118
245 0 0 _aأحلى طرائف ونوادر العشاق
250 _aط2
264 3 1 _aبيروت:جروس برس،1994
300 _a159ص
336 _atext
_btxt
_2rdacontent
337 _aunmediated
_bn
_2rdamedia
338 _avolume
_bnc
_2rdacarrier
490 0 _a سلسلة أحلى الطرائف والنوادر
650 4 _aالحب في الأدب - النوادر والطرائف العربية - تاريخ ونقد
_915119
999 _aA4194
_c7762
_d7762